00950cas a2200241 a 450000100100000000500170001000800410002704000250006804300090009324500160010226001000011830000260021831000120024436200490025650000620030550000370036765000840040465000580048865100620054670000380060871000450064699900170069100004373120260128151448.0980720c19839999dr mr pdd 0 z0spa d aDO-SdBNPbspacBNPHU anwdr00aHorizontes. aSonador, Monseñor Nouel, República Dominicana :bUniversidad Adventista Dominicana,c1983-. av. - :bil. ;c28 cm. aMensual1 aInicia con: Año.3, no.4 (Diciembre, 1983). aDescripción basada en: Año.1, no.1 (Diciembre, 1983). aEditor:1983, Luis M. Gregorio L. 0aEducación superiorzRepública DominicanavPublicaciones periódicas933425 4aVida universitariavPUBLICACIONES PERIÓDICAS971547 4aRepública DominicanaxPublicaciones Periódicas9334941 aGregorio L., Luis M.,eed.9715482 aUniversidad Adventista Dominicana971549 c43220d43220